Großstädte, 200km von der nächsten Millionenstadt entfernt - Statistiken

Allgemein
  • Dieses Quiz wurde 39 mal gespielt
  • Das Durchschnittsergebnis liegt bei 6 aus 8
Antwortstatistiken
Bundesland Stadt % Korrekt
Thüringen Erfurt
97%
Baden-Württemberg Freiburg im Breisgau
95%
Baden-Württemberg Karlsruhe
92%
Bayern Würzburg
89%
Baden-Württemberg Pforzheim
81%
Baden-Württemberg Heidelberg
73%
Baden-Württemberg Heillbronn
68%
Niedersachsen Göttingen
41%
Keine übereinstimmenden Quizze gefunden
Verteilung der Resultate
Anzahl Personen mit jedem Resultat
Perzentil nach korrekt beantworteten Fragen
Ihre Resultats-Entwicklung
Sie haben dieses Quiz noch nicht gespielt